Minefield: Countries by Life Expectancy Quiz Stats

 Plays Quiz Updated Jul 2, 2018

Also try: Killer Countries
Challenge
Share
Tweet
Embed
Score 0/101 Timer 15:00
9 Plays Today
Rank Country % Correct
30???
73.3%
21???
62.4%
11???
60.7%
2???
60.2%
9???
58.9%
12???
57%
13???
55.8%
20???
55.7%
14???
53.5%
8???
53.3%
29???
50.3%
31???
49.2%
32???
45.8%
7???
45.4%
6???
45.1%
17???
43.4%
19???
42.8%
16???
41%
23???
40.1%
25???
39.1%
1???
38.6%
26???
38.5%
18???
38.1%
22???
37.3%
10???
34.6%
28???
32.8%
5???
32.4%
4???
31.9%
53???
31%
75???
30.7%
24???
25.2%
37???
24.2%
3???
23.8%
69???
22.7%
Rank Country % Correct
68???
22.1%
45???
21.2%
52???
21.1%
98???
20.8%
42???
20.7%
91???
18.7%
15???
18.6%
56???
18.5%
27???
18.1%
34???
17.6%
95???
17.3%
36???
17%
63???
16%
48???
15%
96???
14.7%
33???
13.9%
82???
12.8%
76???
11.9%
49???
11.6%
35???
11.1%
85???
11%
39???
10.1%
99???
9.9%
40???
9.5%
81???
9.3%
60???
8.4%
41???
8.1%
90???
8.1%
88???
8%
44???
7.8%
83???
7.8%
65???
7.7%
38???
7.4%
55???
6.7%
Rank Country % Correct
51???
6.5%
84???
6.5%
50???
6.4%
71???
6.4%
77???
6.2%
94???
6%
58???
5.7%
78???
5.7%
66???
5.4%
43???
5.2%
89???
5%
61???
4.9%
93???
4.4%
46???
4.3%
92???
4.2%
54???
4.1%
47???
4.1%
57???
3.8%
70???
3.6%
87???
3.6%
74???
3.3%
67???
3.2%
80???
3.2%
MINES???
3.1%
62???
3%
59???
3%
86???
2.6%
100???
2.6%
72???
2.4%
64???
2.4%
79???
2%
73???
1.5%
97???
1.1%

You're not logged in!

Compare scores with friends on all Sporcle quizzes.
Join for Free
OR
Log In

Show Comments

Extras

Top Quizzes Today


Score Distribution

Your Account Isn't Verified!

In order to create a playlist on Sporcle, you need to verify the email address you used during registration. Go to your Sporcle Settings to finish the process.

Report this User

Report this user for behavior that violates our Community Guidelines.

Details: